[Event "XI GRAN TORNEO INTERNACIONAL AFICIONADOS"]
[Site "Benidorm (Alicante - SPAIN)"]
[Date "2012.12.04"]
[Round "5"]
[White "Turcheniak, Yury"]
[Black "Diaz Begonte, Manuel"]
[Result "1/2-1/2"]
[WhiteElo "1942"]
[BlackElo "1787"]
[PlyCount "58"]
[EventDate "2012.11.30"]
[EventRounds "10"]
[EventCountry "ESP"]

1. d4 d5 2. Nf3 Nf6 3. Bg5 Ne4 4. Bc1 e6 5. Nbd2 f5 6. e3 Bd6 7. c4 c5 8. dxc5
Bxc5 9. Nxe4 fxe4 10. Nd4 O-O 11. cxd5 exd5 12. Qc2 Bxd4 13. exd4 Nc6 14. Be3
Be6 15. Qd2 Rc8 16. Be2 Ne7 17. O-O Nf5 18. Rfc1 Nxe3 19. fxe3 Qh4 20. Bf1 Qg5
21. Rxc8 Rxc8 22. Rc1 Qd8 23. Rxc8 Qxc8 24. a4 a6 25. Be2 Bd7 26. b3 Qc6 27. a5
Qd6 28. b4 Kf8 29. Bf1 Kg8 1/2-1/2

[Event "XI GRAN TORNEO INTERNACIONAL AFICIONADOS"]
[Site "Benidorm (Alicante - SPAIN)"]
[Date "2012.12.04"]
[Round "5"]
[White "Giner Mayor, Jose"]
[Black "Rucsandescu, Dan"]
[Result "1/2-1/2"]
[WhiteElo "1900"]
[BlackElo "1939"]
[PlyCount "95"]
[EventDate "2012.11.30"]
[EventRounds "10"]
[EventCountry "ESP"]

1. Nf3 d5 2. g3 Nf6 3. Bg2 c6 4. O-O Bf5 5. d3 e6 6. Bf4 Be7 7. Nbd2 Nbd7 8. c4
O-O 9. Ne5 Nxe5 10. Bxe5 Nd7 11. Bc3 Bf6 12. cxd5 exd5 13. Nb3 Re8 14. Qd2 Qc7
15. Bxf6 Nxf6 16. Rac1 Qb6 17. Qf4 Bg6 18. Rfe1 Rad8 19. Qd4 Re7 20. Qxb6 axb6
21. Nd4 Rde8 22. Kf1 Nd7 23. Bh3 Nc5 24. Bf5 f6 25. Bxg6 hxg6 26. b4 Nd7 27. e3
Ra8 28. Re2 Ra3 29. Rd2 Re8 30. Ke2 Rea8 31. Rcc2 Kf7 32. f4 Nf8 33. Kf3 Ne6
34. Nxe6 Kxe6 35. Ke2 b5 36. e4 R8a4 37. Rb2 Rc3 38. exd5+ Kxd5 39. Ke3 Rc1 40.
Rf2 Re1+ 41. Kd2 Re7 42. Kc3 Ra3+ 43. Rb3 Ra8 44. a3 Re3 45. Rd2 Rae8 46. Rbb2
Re1 47. Ra2 Ra8 48. Rdc2 1/2-1/2

[Event "XI GRAN TORNEO INTERNACIONAL AFICIONADOS"]
[Site "Benidorm (Alicante - SPAIN)"]
[Date "2012.12.04"]
[Round "5"]
[White "Thomson, Neil"]
[Black "Moreno Giron, Victor M"]
[Result "1-0"]
[WhiteElo "1922"]
[BlackElo "1999"]
[PlyCount "121"]
[EventDate "2012.11.30"]
[EventRounds "10"]
[EventCountry "ESP"]

1. e4 e6 2. d4 d5 3. Nd2 Nf6 4. e5 Nfd7 5. c3 c5 6. Bd3 Nc6 7. Ne2 cxd4 8. cxd4
f6 9. exf6 Nxf6 10. Nf3 Bd6 11. O-O Qc7 12. Bg5 O-O 13. Rc1 a6 14. Bh4 Nh5 15.
Bb1 g6 16. Re1 Qg7 17. Ng3 Nf4 18. Nf1 h6 19. Bg3 g5 20. h3 Bd7 21. Ne3 Bb4 22.
Rf1 Be8 23. a3 Ba5 24. b4 Bb6 25. Nc2 Bh5 26. Bxf4 Rxf4 27. g4 Bg6 28. Qe2 Be4
29. Nd2 Bxd4 30. Nxd4 Nxd4 31. Qe3 Bxb1 32. Rxb1 Raf8 33. Kg2 e5 34. f3 Nb5 35.
Rbe1 Re8 36. Qb3 Qf7 37. Qb2 Nd4 38. Re3 Nc6 39. b5 axb5 40. Qxb5 Nd4 41. Qb2
Nc6 42. Rb1 Re7 43. Rb3 e4 44. Rxb7 exf3+ 45. Kf1 Rfe4 46. Nxe4 dxe4 47. Rxe7
Qc4+ 48. Ke1 Nxe7 49. Qb3 Qxb3 50. Rxb3 Nd5 51. Kf2 Nf4 52. Ke3 Nxh3 53. Kxe4
f2 54. Rb1 h5 55. Kf3 hxg4+ 56. Kxg4 Nf4 57. Kxg5 Ne2 58. Kg4 Nc3 59. Rf1 Ne4
60. Kf4 Nc5 61. Ke3 1-0

[Event "XI GRAN TORNEO INTERNACIONAL AFICIONADOS"]
[Site "Benidorm (Alicante - SPAIN)"]
[Date "2012.12.04"]
[Round "5"]
[White "Moya Mallafre, Erik"]
[Black "Navarro Molina, Carmelo Jose"]
[Result "1-0"]
[WhiteElo "1995"]
[BlackElo "1919"]
[PlyCount "47"]
[EventDate "2012.11.30"]
[EventRounds "10"]
[EventCountry "ESP"]

1. Nf3 d5 2. c4 e6 3. g3 Nf6 4. Bg2 Bd6 5. O-O Nbd7 6. d4 O-O 7. b3 c6 8. Bb2
Re8 9. Ne5 Qc7 10. f4 c5 11. e3 cxd4 12. exd4 b6 13. Nc3 Bb7 14. Rc1 Qb8 15.
cxd5 Nf8 16. dxe6 Nxe6 17. Nc6 Qc7 18. Nb5 Qd7 19. Nxd6 Qxd6 20. d5 Nc7 21. Be5
Qd7 22. Bxc7 Qxc7 23. d6 Qd7 24. Ne5 1-0

[Event "XI GRAN TORNEO INTERNACIONAL AFICIONADOS"]
[Site "Benidorm (Alicante - SPAIN)"]
[Date "2012.12.04"]
[Round "5"]
[White "Roca Cruz, Rafael"]
[Black "Cohen, Avi"]
[Result "1-0"]
[WhiteElo "1992"]
[BlackElo "1910"]
[PlyCount "57"]
[EventDate "2012.11.30"]
[EventRounds "10"]
[EventCountry "ESP"]

1. e4 e6 2. d4 d5 3. Nd2 dxe4 4. Nxe4 Bd7 5. Bd3 Bc6 6. Nf3 Nd7 7. O-O Ngf6 8.
Qe2 Nxe4 9. Bxe4 Bxe4 10. Qxe4 c6 11. Bg5 Be7 12. Bxe7 Qxe7 13. Rad1 O-O 14. c4
Rfd8 15. Rd3 Nf6 16. Qh4 c5 17. Rfd1 cxd4 18. Nxd4 Nd5 19. Nf5 Qc7 20. Nxg7
Kxg7 21. Qg5+ Kf8 22. Qh6+ Ke8 23. cxd5 Rxd5 24. Rxd5 exd5 25. Re1+ Kd7 26.
Qh3+ Kd8 27. Qh4+ Kd7 28. Re7+ Kc8 29. Qg4+ 1-0

[Event "XI GRAN TORNEO INTERNACIONAL AFICIONADOS"]
[Site "Benidorm (Alicante - SPAIN)"]
[Date "2012.12.04"]
[Round "5"]
[White "Ingunza Lopez, Txema"]
[Black "Kleboe, James P R"]
[Result "1/2-1/2"]
[WhiteElo "1992"]
[BlackElo "1902"]
[PlyCount "81"]
[EventDate "2012.11.30"]
[EventRounds "10"]
[EventCountry "ESP"]

1. e4 c6 2. d4 d5 3. Nc3 dxe4 4. Nxe4 Nf6 5. Nxf6+ exf6 6. Bc4 Bd6 7. Nf3 O-O
8. O-O Bg4 9. h3 Bh5 10. Bb3 Nd7 11. c3 Re8 12. Bc2 Qc7 13. Qd3 Bg6 14. Qd1 Nb6
15. Bxg6 fxg6 16. Qc2 Re7 17. Bd2 Nc4 18. Rae1 Nxd2 19. Qxd2 Rae8 20. Rxe7 Rxe7
21. Re1 a5 22. Rxe7 Qxe7 23. Kf1 Qe4 24. b3 Qb1+ 25. Ne1 Ba3 26. Qc2 Qa1 27.
Ke2 Bb2 28. Kd2 b5 29. Nd3 Ba3 30. Ke3 Qg1 31. Kf3 Bd6 32. c4 b4 33. Qe2 Kf7
34. Qe1 Qxe1 35. Nxe1 f5 36. Nd3 g5 37. Ke3 f4+ 38. Ke4 g6 39. d5 c5 40. g4
fxg3 41. fxg3 1/2-1/2

[Event "XI GRAN TORNEO INTERNACIONAL AFICIONADOS"]
[Site "Benidorm (Alicante - SPAIN)"]
[Date "2012.12.04"]
[Round "5"]
[White "Voet, Dirk"]
[Black "Sanz Bastos, Fernando"]
[Result "1-0"]
[WhiteElo "1911"]
[BlackElo "1989"]
[PlyCount "59"]
[EventDate "2012.11.30"]
[EventRounds "10"]
[EventCountry "ESP"]

1. g3 f5 2. b3 Nf6 3. Bb2 e6 4. Bg2 d5 5. d3 Be7 6. Nd2 c5 7. e4 O-O 8. e5 Ng4
9. h3 Nh6 10. Ngf3 Nc6 11. c3 Bd7 12. O-O Qe8 13. a3 g5 14. d4 g4 15. Nh2 cxd4
16. cxd4 Qh5 17. hxg4 fxg4 18. Re1 Rxf2 19. Kxf2 Qxh2 20. Rg1 Rf8+ 21. Ke2 Qxg3
22. Qe1 Nxd4+ 23. Bxd4 Bb5+ 24. Kd1 Qd3 25. Qe3 Qg6 26. Bf1 Nf5 27. Qf4 Bg5 28.
Qxg4 h6 29. Bxb5 Rc8 30. Rc1 1-0

[Event "XI GRAN TORNEO INTERNACIONAL AFICIONADOS"]
[Site "Benidorm (Alicante - SPAIN)"]
[Date "2012.12.04"]
[Round "5"]
[White "Marti Blanes, Jose Manuel"]
[Black "Elmas, Mustafa"]
[Result "1-0"]
[WhiteElo "1987"]
[BlackElo "1892"]
[PlyCount "29"]
[EventDate "2012.11.30"]
[EventRounds "10"]
[EventCountry "ESP"]

1. d4 d5 2. Nf3 Nf6 3. c4 e6 4. Nc3 Bb4 5. Bg5 Nbd7 6. cxd5 exd5 7. e3 c6 8.
Bd3 O-O 9. O-O Re8 10. Qc2 h6 11. Bh4 Bd6 12. Bg3 Nb6 13. Ne5 Be6 14. h3 Nc8
15. Na4 {Irreproducible} 1-0

[Event "XI GRAN TORNEO INTERNACIONAL AFICIONADOS"]
[Site "Benidorm (Alicante - SPAIN)"]
[Date "2012.12.04"]
[Round "5"]
[White "Garcia Serrano, Jose M"]
[Black "Arroyo Rodriguez, Jesus"]
[Result "0-1"]
[WhiteElo "1902"]
[BlackElo "1985"]
[PlyCount "64"]
[EventDate "2012.11.30"]
[EventRounds "10"]
[EventCountry "ESP"]

1. e4 c5 2. d4 cxd4 3. c3 dxc3 4. Nxc3 Nc6 5. Nf3 d6 6. Bc4 e6 7. O-O Be7 8.
Qe2 a6 9. Rd1 b5 10. Bb3 b4 11. Na4 Qa5 12. Be3 Rb8 13. Rac1 Bd7 14. Nd2 Ne5
15. f4 Bb5 16. Qf2 Nd3 17. Bb6 Nxf2 18. Bxa5 Nxd1 19. Bxd1 Nf6 20. Bc7 Rc8 21.
Nb6 O-O 22. Bf3 Nd7 23. Nxc8 Rxc8 24. Nb3 e5 25. Bg4 Kf8 26. fxe5 dxe5 27. Nc5
Rxc7 28. Nxd7+ Rxd7 29. Bxd7 Bxd7 30. Rc7 Ke8 31. Kf1 Kd8 32. Rc4 Bb5 0-1

[Event "XI GRAN TORNEO INTERNACIONAL AFICIONADOS"]
[Site "Benidorm (Alicante - SPAIN)"]
[Date "2012.12.04"]
[Round "5"]
[White "Sumin, Vladyslav"]
[Black "Carrasco Fernandez, Manuel"]
[Result "1-0"]
[WhiteElo "1983"]
[BlackElo "1852"]
[PlyCount "45"]
[EventDate "2012.11.30"]
[EventRounds "10"]
[EventCountry "ESP"]

1. d4 Nf6 2. c4 e6 3. Nc3 Bb4 4. e3 O-O 5. Nge2 d5 6. a3 Be7 7. Ng3 c5 8. cxd5
exd5 9. dxc5 Bxc5 10. b4 Bb6 11. Na4 Bc7 12. Bb2 Nbd7 13. Be2 b6 14. O-O Bb7
15. Qd3 Rc8 16. Rfc1 Qe7 17. Nc3 Rcd8 18. Nb5 Bb8 19. Nf5 Qe6 20. Nbd4 Qe5 21.
g3 Ne4 22. Nc6 Qe6 23. Nce7+ 1-0

[Event "XI GRAN TORNEO INTERNACIONAL AFICIONADOS"]
[Site "Benidorm (Alicante - SPAIN)"]
[Date "2012.12.04"]
[Round "5"]
[White "Botelho, Luis Miguel Rodrigue"]
[Black "Saber, Salah"]
[Result "1-0"]
[WhiteElo "1972"]
[BlackElo "1827"]
[PlyCount "25"]
[EventDate "2012.11.30"]
[EventRounds "10"]
[EventCountry "ESP"]

1. e4 c5 2. Nc3 Nc6 3. Bb5 Nd4 4. Bc4 e6 5. Nge2 Nc6 6. O-O g6 7. d4 cxd4 8.
Nxd4 Bg7 9. Ndb5 Bf8 10. Bf4 e5 11. Nd5 Be7 12. Ndc7+ Kf8 13. Qd5 1-0

[Event "XI GRAN TORNEO INTERNACIONAL AFICIONADOS"]
[Site "Benidorm (Alicante - SPAIN)"]
[Date "2012.12.04"]
[Round "5"]
[White "Vivanco Revuelta, Jesus Maria"]
[Black "Kaufmann Vazquez, David"]
[Result "0-1"]
[WhiteElo "1753"]
[BlackElo "1934"]
[PlyCount "74"]
[EventDate "2012.11.30"]
[EventRounds "10"]
[EventCountry "ESP"]

1. d4 Nf6 2. Nf3 g6 3. Bf4 Bg7 4. e3 d6 5. Be2 O-O 6. Nbd2 c5 7. c3 Nc6 8. h3
Re8 9. dxc5 dxc5 10. e4 e5 11. Be3 Qe7 12. O-O Nh5 13. Nh2 Nf4 14. Bxf4 exf4
15. f3 h5 16. a4 Bf6 17. Nc4 Rd8 18. Qc2 Bh4 19. Rfd1 Be6 20. Rxd8+ Rxd8 21.
Rd1 Rxd1+ 22. Qxd1 Qg5 23. Kh1 Bg3 24. Qf1 a6 25. Nd6 Qe7 26. Qd1 Qd7 27. b3
Kf8 28. Nc4 Qxd1+ 29. Bxd1 Bxc4 30. bxc4 Be1 31. Kg1 Bxc3 32. Kf2 Ke7 33. Ke2
Ke6 34. Nf1 Ke5 35. Kd3 Ba5 36. Nd2 Bxd2 37. Kxd2 Kd4 0-1

[Event "XI GRAN TORNEO INTERNACIONAL AFICIONADOS"]
[Site "Benidorm (Alicante - SPAIN)"]
[Date "2012.12.04"]
[Round "5"]
[White "Redondo Maguregui, Juan Manuel"]
[Black "Fernandez Contreras, Juan Carl"]
[Result "1-0"]
[WhiteElo "1743"]
[BlackElo "1918"]
[PlyCount "51"]
[EventDate "2012.11.30"]
[EventRounds "10"]
[EventCountry "ESP"]

1. c4 Nf6 2. Nc3 g6 3. e3 Bg7 4. h4 h6 5. Be2 d6 6. d3 e5 7. Bd2 Nc6 8. a3 a5
9. Bf3 Bf5 10. Qc2 Qd7 11. Nb5 O-O 12. Ne2 Rfc8 13. Ng3 Bg4 14. O-O-O Nd8 15.
d4 c6 16. dxe5 cxb5 17. exf6 Rxc4 18. Bc3 Bxf6 19. Bd5 Bxd1 20. Qxg6+ Kf8 21.
Qxh6+ Ke8 22. Qxf6 Rc5 23. Rxd1 b4 24. Ne4 Rc7 25. Nxd6+ Kf8 26. Qg7+ 1-0

[Event "XI GRAN TORNEO INTERNACIONAL AFICIONADOS"]
[Site "Benidorm (Alicante - SPAIN)"]
[Date "2012.12.04"]
[Round "5"]
[White "Stamenov, Valeriy"]
[Black "Gonzalez Etayo, Oihana"]
[Result "1-0"]
[WhiteElo "1915"]
[BlackElo "1812"]
[PlyCount "43"]
[EventDate "2012.11.30"]
[EventRounds "10"]
[EventCountry "ESP"]

1. e4 c5 2. c3 d6 3. d4 cxd4 4. cxd4 g6 5. Nc3 a6 6. Be3 Bg7 7. Nf3 Nf6 8. h3
O-O 9. Bd3 Nbd7 10. O-O e6 11. Rc1 d5 12. e5 Ne8 13. Qd2 f6 14. Bh6 fxe5 15.
Bxg7 Nxg7 16. dxe5 b5 17. Ne2 Nb6 18. b3 Bd7 19. Ned4 Nc8 20. Qh6 Qe7 21. Ng5
Nf5 22. Ndxe6 1-0

[Event "XI GRAN TORNEO INTERNACIONAL AFICIONADOS"]
[Site "Benidorm (Alicante - SPAIN)"]
[Date "2012.12.04"]
[Round "5"]
[White "Valarezzo Ricard, Pedro"]
[Black "Ijurko Erroizena, Jose Angel"]
[Result "1-0"]
[WhiteElo "1888"]
[BlackElo "1619"]
[PlyCount "24"]
[EventDate "2012.11.30"]
[EventRounds "10"]
[EventCountry "ESP"]

1. d4 d5 2. Bf4 Bf5 3. e3 e6 4. Nf3 c5 5. Bxb8 Rxb8 6. Bb5+ Ke7 7. dxc5 Qa5+ 8.
Nc3 a6 9. Ba4 Nf6 10. O-O Ne4 11. Nxe4 Qxa4 12. Nc3 Ke8 1-0

[Event "XI GRAN TORNEO INTERNACIONAL AFICIONADOS"]
[Site "Benidorm (Alicante - SPAIN)"]
[Date "2012.12.04"]
[Round "5"]
[White "Catherine, Bertrand"]
[Black "Ramirez Ramirez, Jose David"]
[Result "0-1"]
[WhiteElo "1855"]
[BlackElo "1418"]
[PlyCount "54"]
[EventDate "2012.11.30"]
[EventRounds "10"]
[EventCountry "ESP"]

1. e4 e5 2. Nf3 Nc6 3. Nc3 Nf6 4. d4 exd4 5. Nxd4 Nxd4 6. Qxd4 d6 7. Bg5 Be7 8.
O-O-O O-O 9. f3 Nd7 10. h4 Bxg5+ 11. hxg5 Qxg5+ 12. Kb1 Nf6 13. Nb5 Be6 14. Qf2
Rfc8 15. Bd3 h6 16. f4 Qc5 17. Qg3 Bg4 18. Rde1 h5 19. Nc3 Re8 20. Rhf1 a5 21.
e5 Nd5 22. Ne4 Qb6 23. c4 Nb4 24. Be2 Bf5 25. Bxh5 Qd4 26. Qe3 Qxc4 27. Bd1
Qxa2+ 0-1

[Event "XI GRAN TORNEO INTERNACIONAL AFICIONADOS"]
[Site "Benidorm (Alicante - SPAIN)"]
[Date "2012.12.04"]
[Round "5"]
[White "Correia, Sandra Ventura"]
[Black "Patino Andreu, Ramon"]
[Result "0-1"]
[WhiteElo "1797"]
[BlackElo "1944"]
[PlyCount "33"]
[EventDate "2012.11.30"]
[EventRounds "10"]
[EventCountry "ESP"]

1. e4 e5 2. Nf3 Nc6 3. d4 exd4 4. Bc4 d6 5. Nxd4 Nxd4 6. Qxd4 Qf6 7. Qd3 Nh6 8.
Nc3 c6 9. O-O Be6 10. h3 O-O-O 11. Be3 Kb8 12. b4 Qg6 13. Bd4 d5 14. Be5+ Ka8
15. exd5 Qxd3 16. Bxd3 cxd5 17. Nb5 0-1

[Event "XI GRAN TORNEO INTERNACIONAL AFICIONADOS"]
[Site "Benidorm (Alicante - SPAIN)"]
[Date "2012.12.05"]
[Round "6"]
[White "Esquerdo Nogueroles, Gaspar"]
[Black "Cardenas, Fernando Adrian"]
[Result "1-0"]
[WhiteElo "1927"]
[BlackElo "1980"]
[PlyCount "145"]
[EventDate "2012.11.30"]
[EventRounds "10"]
[EventCountry "ESP"]

1. e4 c5 2. f4 e6 3. Nf3 d5 4. Nc3 d4 5. Ne2 Nf6 6. d3 Nc6 7. Ng3 Be7 8. Be2
Qb6 9. Rb1 h5 10. Ne5 h4 11. Nh5 g6 12. Nxf6+ Bxf6 13. Nxc6 Qxc6 14. Bf3 e5 15.
O-O Be6 16. a3 c4 17. Bd2 O-O-O 18. Bg4 Kb8 19. Bxe6 Qxe6 20. fxe5 Bxe5 21. Bf4
Rh5 22. Qf3 f6 23. Bxe5+ fxe5 24. Qf6 Qxf6 25. Rxf6 Rg5 26. Rbf1 cxd3 27. cxd3
Rc8 28. Rf8 Rxf8 29. Rxf8+ Kc7 30. Rf6 Kd7 31. Rf7+ Kc6 32. Kf2 a5 33. Kf3 Rh5
34. Rf6+ Kd7 35. Rxg6 Rh8 36. Rb6 Rf8+ 37. Ke2 Rg8 38. Kf1 Rf8+ 39. Kg1 Rc8 40.
Rxb7+ Ke6 41. a4 Rc2 42. b4 axb4 43. Rxb4 Rc3 44. a5 Ra3 45. Rb6+ Kd7 46. Rh6
Rxd3 47. a6 Kc7 48. Re6 Re3 49. Rxe5 d3 50. Rd5 Kb6 51. Rd6+ Ka7 52. e5 Rxe5
53. Rxd3 Kxa6 54. Rd4 Rh5 55. g4 hxg3 56. hxg3 Kb6 57. Rc4 Kb5 58. Rc8 Rh7 59.
Kg2 Rf7 60. g4 Rf6 61. Kg3 Rf7 62. g5 Kb6 63. Kg4 Rf1 64. g6 Rg1+ 65. Kf5 Rf1+
66. Kg5 Rg1+ 67. Kh6 Rh1+ 68. Kg7 Rh2 69. Kg8 Rh1 70. g7 Rh2 71. Rf8 Kc6 72.
Rf6+ Kd7 73. Kf7 1-0

[Event "XI GRAN TORNEO INTERNACIONAL AFICIONADOS"]
[Site "Benidorm (Alicante - SPAIN)"]
[Date "2012.12.05"]
[Round "6"]
[White "Sanchez Sanchez, Alberto"]
[Black "Marquez Bernal, Florencio"]
[Result "1/2-1/2"]
[WhiteElo "1968"]
[BlackElo "1922"]
[PlyCount "22"]
[EventDate "2012.11.30"]
[EventRounds "10"]
[EventCountry "ESP"]

1. e4 c5 2. c3 Nf6 3. e5 Nd5 4. d4 cxd4 5. Nf3 e6 6. cxd4 d6 7. a3 Nd7 8. Bd3
Qc7 9. Qc2 Qxc2 10. Bxc2 dxe5 11. dxe5 Nb8 1/2-1/2

[Event "XI GRAN TORNEO INTERNACIONAL AFICIONADOS"]
[Site "Benidorm (Alicante - SPAIN)"]
[Date "2012.12.05"]
[Round "6"]
[White "Aprea, Daniele"]
[Black "Albers, Andreas"]
[Result "1/2-1/2"]
[WhiteElo "1946"]
[BlackElo "1937"]
[PlyCount "57"]
[EventDate "2012.11.30"]
[EventRounds "10"]
[EventCountry "ESP"]

1. d4 Nf6 2. Nf3 g6 3. c4 Bg7 4. Nc3 d5 5. Bg5 Ne4 6. cxd5 Nxg5 7. Nxg5 e6 8.
Qd2 h6 9. Nh3 exd5 10. Nf4 c6 11. e3 O-O 12. Bd3 Re8 13. O-O Nd7 14. b4 Nf8 15.
Na4 Ne6 16. Nxe6 Bxe6 17. b5 Bf8 18. bxc6 bxc6 19. Rab1 Qd6 20. Rb7 Reb8 21.
Rfb1 Rxb7 22. Rxb7 Bc8 23. Rb3 Rb8 24. Nc5 Rxb3 25. axb3 Qb8 26. Qc3 Bd6 27. h3
Qb6 28. b4 Bb8 29. Bf1 1/2-1/2

[Event "XI GRAN TORNEO INTERNACIONAL AFICIONADOS"]
[Site "Benidorm (Alicante - SPAIN)"]
[Date "2012.12.05"]
[Round "6"]
[White "Young, Mel J"]
[Black "Bote Kobolo, Benjamin"]
[Result "0-1"]
[WhiteElo "1863"]
[BlackElo "1944"]
[PlyCount "66"]
[EventDate "2012.11.30"]
[EventRounds "10"]
[EventCountry "ESP"]

1. e4 Nc6 2. d4 e5 3. Nf3 exd4 4. c3 d3 5. Bxd3 Be7 6. O-O d6 7. h3 Nf6 8. Qe2
O-O 9. Rd1 Bd7 10. a3 Qc8 11. c4 Re8 12. Nc3 h6 13. Nd5 Bd8 14. Bd2 Bf5 15.
Nxf6+ Bxf6 16. Bc3 Bxc3 17. bxc3 Bg6 18. Nh4 Bh7 19. f4 Qd8 20. Nf3 Qf6 21. e5
Bxd3 22. Qxd3 Qxf4 23. exd6 cxd6 24. Rab1 Re7 25. Rf1 Qg3 26. Qd5 Rf8 27. Rbd1
Re2 28. Nd4 Nxd4 29. Rxd4 Qxc3 30. Rdf4 Qe3+ 31. Kh2 Qe7 32. Qd4 b6 33. R1f3
Qe5 0-1

[Event "XI GRAN TORNEO INTERNACIONAL AFICIONADOS"]
[Site "Benidorm (Alicante - SPAIN)"]
[Date "2012.12.05"]
[Round "6"]
[White "Becking, Franz Josef"]
[Black "Moya Mallafre, Erik"]
[Result "0-1"]
[WhiteElo "1958"]
[BlackElo "1995"]
[PlyCount "48"]
[EventDate "2012.11.30"]
[EventRounds "10"]
[EventCountry "ESP"]

1. d4 d5 2. Bf4 c5 3. e3 Nf6 4. c3 e6 5. Bd3 Nc6 6. Nd2 Bd6 7. Ngf3 O-O 8. Ne5
Qc7 9. Ndf3 b6 10. Qc2 c4 11. Be2 Ba6 12. Bg3 Ne4 13. Nxc6 Qxc6 14. Bxd6 Qxd6
15. Nd2 f5 16. O-O Rf6 17. f3 Ng5 18. e4 Qf4 19. exf5 Rh6 20. Kf2 exf5 21. Rh1
Re8 22. Nf1 Rhe6 23. Re1 h5 24. Qd2 Ne4+ 0-1

[Event "XI GRAN TORNEO INTERNACIONAL AFICIONADOS"]
[Site "Benidorm (Alicante - SPAIN)"]
[Date "2012.12.05"]
[Round "6"]
[White "Roca Cruz, Rafael"]
[Black "Fernandez Aguilar, Francisco"]
[Result "0-1"]
[WhiteElo "1992"]
[BlackElo "1955"]
[PlyCount "44"]
[EventDate "2012.11.30"]
[EventRounds "10"]
[EventCountry "ESP"]

1. e4 c5 2. Nf3 d6 3. d4 cxd4 4. Nxd4 Nf6 5. Nc3 g6 6. Be3 Bg7 7. f3 Nc6 8. g4
O-O 9. Qd2 Nxd4 10. Bxd4 Be6 11. O-O-O Qa5 12. Kb1 Rfc8 13. Bxf6 Rxc3 14. Qxc3
Qxa2+ 15. Kc1 Bxf6 16. Qe3 Qxb2+ 17. Kd2 Qb4+ 18. Ke2 Bh4 19. Rd4 Qe1+ 20. Kd3
Qd1+ 21. Qd2 Qxf3+ 22. Qe3 Qxh1 0-1

[Event "XI GRAN TORNEO INTERNACIONAL AFICIONADOS"]
[Site "Benidorm (Alicante - SPAIN)"]
[Date "2012.12.05"]
[Round "6"]
[White "Johnsen, Kjell Magne"]
[Black "Turcheniak, Yury"]
[Result "1-0"]
[WhiteElo "1989"]
[BlackElo "1942"]
[PlyCount "47"]
[EventDate "2012.11.30"]
[EventRounds "10"]
[EventCountry "ESP"]

1. d4 Nf6 2. c4 g6 3. Nc3 Bg7 4. e4 d6 5. Be2 Nbd7 6. Nf3 O-O 7. O-O c5 8. d5
a6 9. a4 h6 10. Re1 Qc7 11. h3 Kh7 12. Bf4 Ne8 13. Qd2 Ne5 14. Nxe5 dxe5 15.
Be3 Nd6 16. f4 exf4 17. Bxf4 Qa5 18. Bd3 e5 19. dxe6 fxe6 20. Bxd6 Bd4+ 21. Kh1
Rf2 22. Re2 Rxe2 23. Qxe2 e5 24. Nd5 1-0

[Event "XI GRAN TORNEO INTERNACIONAL AFICIONADOS"]
[Site "Benidorm (Alicante - SPAIN)"]
[Date "2012.12.05"]
[Round "6"]
[White "Nieto Tornero, Jose"]
[Black "Marti Blanes, Jose Manuel"]
[Result "1/2-1/2"]
[WhiteElo "1951"]
[BlackElo "1987"]
[PlyCount "100"]
[EventDate "2012.11.30"]
[EventRounds "10"]
[EventCountry "ESP"]

1. e4 c5 2. Nc3 e6 3. Nf3 a6 4. d4 cxd4 5. Nxd4 Qc7 6. g3 b5 7. a3 Bb7 8. Bg2
Nf6 9. O-O d6 10. Be3 Be7 11. f4 Nbd7 12. f5 e5 13. Nb3 h5 14. h3 Rc8 15. Qd3
Nb6 16. Nd2 Nc4 17. Nxc4 Qxc4 18. Bg5 Qxd3 19. cxd3 Nd7 20. Be3 Bd8 21. Rac1
Nc5 22. Bxc5 dxc5 23. h4 f6 24. Nd5 Bxd5 25. exd5 Kd7 26. Bf3 Ba5 27. Rc2 Kd6
28. Kg2 Rc7 29. Rfc1 b4 30. axb4 Bxb4 31. Ra1 a5 32. Kh3 Rhc8 33. Rc4 Bd2 34.
Rc2 Bb4 35. Rg1 c4 36. dxc4 Rxc4 37. Rxc4 Rxc4 38. Bxh5 Rc2 39. Rg2 Rxg2 40.
Kxg2 Kxd5 41. Kf3 Kd4 42. Ke2 Ke4 43. Be8 Kxf5 44. Bd7+ Ke4 45. Bc6+ Kd4 46. h5
e4 47. g4 Bd6 48. b3 Kc3 49. Bd5 Kb4 50. Ke3 Bg3 1/2-1/2

[Event "XI GRAN TORNEO INTERNACIONAL AFICIONADOS"]
[Site "Benidorm (Alicante - SPAIN)"]
[Date "2012.12.05"]
[Round "6"]
[White "Arroyo Rodriguez, Jesus"]
[Black "Thomson, Neil"]
[Result "1-0"]
[WhiteElo "1985"]
[BlackElo "1922"]
[PlyCount "137"]
[EventDate "2012.11.30"]
[EventRounds "10"]
[EventCountry "ESP"]

1. e4 c5 2. Nf3 d6 3. d4 cxd4 4. Nxd4 Nf6 5. Nc3 g6 6. Bc4 Bg7 7. f3 a6 8. Be3
Nbd7 9. Qd2 h6 10. O-O-O b5 11. Nd5 Bb7 12. Nxf6+ Nxf6 13. Bb3 Nd7 14. h4 h5
15. Ne2 Ne5 16. Bd4 Bh6 17. Be3 Bg7 18. Bd4 Bh6 19. Be3 Bxe3 20. Qxe3 Qc7 21.
Qd4 O-O-O 22. Rd2 Kb8 23. Rhd1 Rc8 24. Nc3 Qa5 25. Kb1 Rhd8 26. Nd5 Nc4 27.
Bxc4 Rxc4 28. Qb6 Qxb6 29. Nxb6 Rc5 30. Nd5 e6 31. Nf4 Kc7 32. Nd3 Rc6 33. Ne5
Rb6 34. Nxf7 Rd7 35. Ng5 d5 36. exd5 Bxd5 37. Ne4 Rf7 38. Nc3 Bb7 39. a3 Rc6
40. Ne4 Rf4 41. Rd7+ Kb6 42. Nd6 Rc7 43. Nxb7 Kxb7 44. R1d6 Rxd7 45. Rxd7+ Kc6
46. Rg7 Rxh4 47. Rxg6 Kd5 48. Kc1 a5 49. Kd2 b4 50. a4 Rd4+ 51. Kc1 h4 52. Rg5+
e5 53. b3 Rf4 54. Rh5 Kd4 55. Kd2 e4 56. fxe4 Kxe4 57. Ke2 Rg4 58. Kf2 Rf4+ 59.
Ke1 Rg4 60. Kf2 Rf4+ 61. Kg1 Rg4 62. Rc5 Ke3 63. Kh2 Kf2 64. Rf5+ Ke3 65. Rxa5
Kd2 66. Rc5 Rg3 67. Rc4 Rc3 68. Rxh4 Rxc2 69. Rxb4 1-0

[Event "XI GRAN TORNEO INTERNACIONAL AFICIONADOS"]
[Site "Benidorm (Alicante - SPAIN)"]
[Date "2012.12.05"]
[Round "6"]
[White "Rucsandescu, Dan"]
[Black "Sumin, Vladyslav"]
[Result "1/2-1/2"]
[WhiteElo "1939"]
[BlackElo "1983"]
[PlyCount "58"]
[EventDate "2012.11.30"]
[EventRounds "10"]
[EventCountry "ESP"]

1. Nf3 Nf6 2. d4 c5 3. c4 cxd4 4. Nxd4 Nc6 5. Nc3 e6 6. Nc2 Qb6 7. g3 Ne5 8. b3
Nfg4 9. Be3 Qc6 10. Rg1 Nxe3 11. Nxe3 Qb6 12. Bg2 Bb4 13. Rc1 O-O 14. Qd2 d6
15. Nc2 Ng4 16. e3 Bxc3 17. Qxc3 Ne5 18. Rd1 Qc7 19. f4 Nc6 20. Nd4 a6 21. Nxc6
bxc6 22. Kf2 Bb7 23. e4 a5 24. Rd2 a4 25. Rgd1 axb3 26. axb3 Rfd8 27. Bf3 c5
28. b4 h6 29. b5 Qb6 1/2-1/2

[Event "XI GRAN TORNEO INTERNACIONAL AFICIONADOS"]
[Site "Benidorm (Alicante - SPAIN)"]
[Date "2012.12.05"]
[Round "6"]
[White "Bas Mas, Miguel"]
[Black "Fournier, Manuel"]
[Result "1-0"]
[WhiteElo "1974"]
[BlackElo "1884"]
[PlyCount "85"]
[EventDate "2012.11.30"]
[EventRounds "10"]
[EventCountry "ESP"]

1. e4 e5 2. Nf3 Nc6 3. Bb5 g6 4. O-O Bg7 5. c3 Nge7 6. d4 exd4 7. cxd4 d5 8.
exd5 Nxd5 9. Re1+ Be6 10. Ng5 O-O 11. Nxe6 fxe6 12. Bxc6 bxc6 13. Be3 Qh4 14.
g3 Qf6 15. Nd2 Rab8 16. Nc4 Nxe3 17. fxe3 Qf2+ 18. Kh1 Qf5 19. Rc1 Qe4+ 20. Kg1
Rf5 21. Nd2 Qd5 22. Nb3 Qe4 23. Qc2 Qf3 24. Qxc6 Qf2+ 25. Kh1 Qxb2 26. Rc2 Qa3
27. Qxc7 Rbf8 28. Qd7 Qa6 29. Kg2 Bh6 30. Nc5 Qa5 31. Qxe6+ Kh8 32. Ree2 Qb5
33. Nd7 R8f7 34. e4 Rf1 35. Rc8+ Kg7 36. Qe5+ Qxe5 37. Nxe5 Rf8 38. Rc7+ Kg8
39. Rxa7 Bg7 40. Re7 Rd1 41. d5 Rff1 42. Re8+ Bf8 43. Nd7 1-0